Normal view
MARC view
- Supervisor : Dr. Javid Iqbal
Entry Personal Name
001 - CONTROL NUMBER
- control field: 132213
003 - CONTROL NUMBER IDENTIFIER
- control field: NUST
005 - DATE AND TIME OF LATEST TRANSACTION
- control field: 20251209101819.0
008 - FIXED-LENGTH DATA ELEMENTS
- fixed length control field: 251209|| aca||aabn | a|a d
040 ## - CATALOGING SOURCE
- Original cataloging agency: NUST
- Transcribing agency: NUST
100 ## - HEADING--PERSONAL NAME
- Personal name: Supervisor : Dr. Javid Iqbal
670 ## - SOURCE DATA FOUND
- Source citation: Work cat.: (NUST): Kamran, Muhammad Hamza 132212, Detection of Hypochromic Erythrocytes in Blood Smear by using Edge Contours of Cells as Trigonometric Projections /
